01635nam a22003737a 4500999001700000003000500017005001700022008004100039020001900080041001200099082002200111100002200133245011600155250001300271260003600284300003600320440004400356500005800400505011500458520010800573650002500681650003600706650003000742650002600772700002100798942001500819250004600834490005800880504005100938700001600989830004501005856009101050952012001141 c32616d32616CUTN20200914151602.0200909b ||||| |||| 00| 0 eng d a9780444520630  aEnglish00a616.9101222bKRU aKrueger, Gerhard.00aHuman herpesvirus-6 :bgeneral virology, epidemiology and clinical pathology /cGerhard Krueger & Dharm Ablash. a2nd ed.  aAmsterdam : bElsevier,cc2006. axvi, 376 p. : bill. ; c25 cm. aPerspectives in medical virology ; v12 aAblashi's name appears first on the earlier edition.  t1. General Virologyt2. Diagnosis and Epidemiologyt3. Clinical Pathologyt4. New Approaches to HIV-6 Research a The most comprehensive review available of all aspects of HHV-6 combining basic and clinical science. 0aHuman herpesvirus-6. 0aHuman herpesvirus-6 infections.12aHerpesviridae Infections.12aHerpesvirus 6, Human.1 aAblashi, Dharam. 2ddccBOOKS beditors, Gerhard Krueger, Dharam Ablashi.1 aPerspectives in medical virology,x0168-7069 ;vv. 12 aIncludes bibliographical references and index.1 q(Dharam V.) 0aPerspectives in medical virology,vv. 12423Publisher descriptionuhttp://www.loc.gov/catdir/enhancements/fy0634/2006042524-d.html 00102ddc40708NFICaCUTNbCUTNc600d2020-09-09l0o616.9101 KRUp40514 r2020-09-09 00:00:00w2020-09-09yBOOKS